00413nam a2200169Ia 4500008004100000020001800041050001400059100002000073245002800093245002000121260001300141260003100154260000900185300001400194300002500208300001000233180207s9999 xx 000 0 und d a9781454910091 bS286 1969 aScarry, Richard 4aThe great pie robbery / cRichard Scarry. aCanada : bSterling Children's Books, c1969 aunpaged : bcolor illustration ; c20cm.